<?xml version="1.0" encoding="UTF-8"?>
<collection xmlns="http://www.loc.gov/MARC21/slim">
 <record>
  <leader>01230nam a22002417a 4500</leader>
  <controlfield tag="001">AAL5845</controlfield>
  <controlfield tag="003">BD-DhAAL</controlfield>
  <controlfield tag="005">20190116165712.0</controlfield>
  <controlfield tag="008">160227m19951994bg ||||| |||| 00| 0 ben d</controlfield>
  <datafield tag="999" ind1=" " ind2=" ">
   <subfield code="c">36938</subfield>
   <subfield code="d">36938</subfield>
  </datafield>
  <datafield tag="020" ind1=" " ind2=" ">
   <subfield code="a">9840731572</subfield>
  </datafield>
  <datafield tag="040" ind1=" " ind2=" ">
   <subfield code="a">BD-DhAAL</subfield>
   <subfield code="c">BD-DhAAL</subfield>
  </datafield>
  <datafield tag="082" ind1=" " ind2=" ">
   <subfield code="a">491.44321 </subfield>
  </datafield>
  <datafield tag="245" ind1=" " ind2=" ">
   <subfield code="a">বাংলা একাডেমী বাংলা বানান-অভিধান :</subfield>
   <subfield code="b">বাংলা একাডেমী কর্তৃক প্রস্তাবিত প্রমিত বাংলা বানানের নিয়মানুযায়ী প্রণীত /</subfield>
   <subfield code="c">জামিল চৌধুরী</subfield>
  </datafield>
  <datafield tag="260" ind1=" " ind2=" ">
   <subfield code="a">ঢাকা :</subfield>
   <subfield code="b">বাংলা একাডেমী, </subfield>
   <subfield code="c">১৯৯৫</subfield>
  </datafield>
  <datafield tag="300" ind1=" " ind2=" ">
   <subfield code="a">৪৮৭ পৃ. ;</subfield>
   <subfield code="c">১৮ সে.মি.</subfield>
  </datafield>
  <datafield tag="541" ind1=" " ind2=" ">
   <subfield code="e">5845</subfield>
  </datafield>
  <datafield tag="650" ind1=" " ind2=" ">
   <subfield code="a">Bengali language </subfield>
   <subfield code="x">Orthography and spelling </subfield>
   <subfield code="x">Dictionaries. </subfield>
   <subfield code="9">18205</subfield>
  </datafield>
  <datafield tag="650" ind1=" " ind2=" ">
   <subfield code="a">Bengali language</subfield>
   <subfield code="x">Orthography and spelling.</subfield>
   <subfield code="9">18206</subfield>
  </datafield>
  <datafield tag="700" ind1=" " ind2=" ">
   <subfield code="a">চৌধুরী, জামিল </subfield>
   <subfield code="9">18207</subfield>
  </datafield>
  <datafield tag="852" ind1=" " ind2=" ">
   <subfield code="a">Savar Campus Library</subfield>
   <subfield code="c">General Stacks</subfield>
  </datafield>
  <datafield tag="942" ind1=" " ind2=" ">
   <subfield code="2">ddc</subfield>
   <subfield code="c">BK</subfield>
  </datafield>
  <datafield tag="952" ind1=" " ind2=" ">
   <subfield code="0">0</subfield>
   <subfield code="1">0</subfield>
   <subfield code="2">ddc</subfield>
   <subfield code="4">0</subfield>
   <subfield code="6">491_443210000000000_BAN</subfield>
   <subfield code="7">0</subfield>
   <subfield code="9">58177</subfield>
   <subfield code="a">SCL</subfield>
   <subfield code="b">SCL</subfield>
   <subfield code="c">GEN</subfield>
   <subfield code="d">2016-02-27</subfield>
   <subfield code="g">50.00</subfield>
   <subfield code="l">0</subfield>
   <subfield code="o">491.44321 BAN</subfield>
   <subfield code="p">3020005845</subfield>
   <subfield code="r">2022-05-29</subfield>
   <subfield code="t">1</subfield>
   <subfield code="w">2016-02-27</subfield>
   <subfield code="y">BK</subfield>
  </datafield>
 </record>
</collection>
